[Event "IECG CN.2005.0.00391 email"]
[Site "IECG email"]
[Date "2005.03.16"]
[Round "?"]
[White "Markovic, Dejan"]
[Black "Weiler Thiessen, David"]
[Result "1-0"]
[WhiteElo "800"]
[BlackElo "748"]
[PlyCount "41"]
[EventDate "2005.03.16"]
[EventType "tourn (corr)"]
[EventRounds "6"]
[SourceTitle "Corr 2008"]
[Source "ChessBase"]
[SourceDate "2008.06.24"]
[SourceVersion "1"]
[SourceVersionDate "2008.06.24"]
[SourceQuality "1"]

1. e4 c5 2. Nf3 d6 3. d4 cxd4 4. Nxd4 Nf6 5. Nc3 e6 6. Bb5+ Bd7 7. 0-0 a6 8. Re1 axb5 9. Ndxb5 Bxb5 10. Nxb5 Nc6 11. Bf4 e5 12. Bg5 Rc8 13. Re3 Nb4 14. c3 Nc6 15. Rd3 Qb6 16. Qb3 Qc5 17. Bxf6 gxf6 18. Rd5 Qxd5 19. exd5 Na5 20. Qa4 Kd7 21. Na7+ 1-0

[Event "IECG CN.2002.0.00301 email"]
[Site "IECG email"]
[Date "2002.07.16"]
[Round "?"]
[White "Castellano, Antonio Jr"]
[Black "Weiler Thiessen, David"]
[Result "1-0"]
[WhiteElo "800"]
[BlackElo "785"]
[PlyCount "55"]
[EventDate "2002.07.16"]
[EventType "tourn (corr)"]
[EventRounds "6"]
[SourceTitle "Corr 2008"]
[Source "ChessBase"]
[SourceDate "2008.06.24"]
[SourceVersion "1"]
[SourceVersionDate "2008.06.24"]
[SourceQuality "1"]

1. e4 c5 2. Nf3 d6 3. Bc4 Nf6 4. d3 Nc6 5. c3 g6 6. 0-0 Bg7 7. b4 cxb4 8. cxb4 Nxe4 9. d4 Bg4 10. Bb2 Qb6 11. Qb3 e6 12. Nbd2 Bxf3 13. Nxf3 Nxd4 14. Qa4+ Ke7 15. Rae1 Nxf3+ 16. gxf3 Ng5 17. Bxg7 Nxf3+ 18. Kg2 Nxe1+ 19. Rxe1 Rhc8 20. b5 Rc5 21. Bd3 Rg5+ 22. Kf3 e5 23. Qh4 f6 24. Qxh7 Ke6 25. Bh6 Rh5 26. Qxg6 Rxh2 27. Bf5+ Ke7 28. Qg7+ 1-0

[Event "IECG CN.2002.0.00301 email"]
[Site "IECG email"]
[Date "2002.07.16"]
[Round "?"]
[White "Portal, Angel"]
[Black "Weiler Thiessen, David"]
[Result "1-0"]
[WhiteElo "800"]
[BlackElo "785"]
[PlyCount "75"]
[EventDate "2002.07.16"]
[EventType "tourn (corr)"]
[EventRounds "6"]
[SourceTitle "Corr 2008"]
[Source "ChessBase"]
[SourceDate "2008.06.24"]
[SourceVersion "1"]
[SourceVersionDate "2008.06.24"]
[SourceQuality "1"]

1. e4 e6 2. Nf3 d5 3. d3 Nc6 4. Be2 Nf6 5. exd5 Nxd5 6. c4 Nf6 7. b3 Bc5 8. 0-0 Bd4 9. Nxd4 Qxd4 10. Qd2 Qxa1 11. Nc3 0-0 12. Bb2 Qxf1+ 13. Bxf1 Rd8 14. Ne2 e5 15. Ng3 a6 16. Be2 b5 17. Bf3 Bb7 18. Bxc6 Bxc6 19. Bxe5 Ne4 20. Nxe4 Bxe4 21. Bxc7 Rxd3 22. Qe2 b4 23. g4 Rc3 24. Qxe4 Rf8 25. Kg2 h6 26. Qe7 Rc2 27. Bd6 Rc8 28. g5 hxg5 29. Qxg5 Rxa2 30. Be5 f6 31. Bxf6 Rc7 32. Be5 Rf7 33. Bd4 a5 34. Bc5 Rd7 35. Qe3 Rd8 36. Qe7 Rad2 37. Qa7 Ra2 38. Bd4 1-0

[Event "IECG CN.2002.0.00301 email"]
[Site "IECG email"]
[Date "2002.07.16"]
[Round "?"]
[White "Rosenberger, Jerome"]
[Black "Weiler Thiessen, David"]
[Result "1-0"]
[WhiteElo "901"]
[BlackElo "785"]
[PlyCount "41"]
[EventDate "2002.07.16"]
[EventType "tourn (corr)"]
[EventRounds "6"]
[SourceTitle "Corr 2008"]
[Source "ChessBase"]
[SourceDate "2008.06.24"]
[SourceVersion "1"]
[SourceVersionDate "2008.06.24"]
[SourceQuality "1"]

1. d4 d5 2. e3 Nf6 3. Bd3 c5 4. c3 Nc6 5. f4 Bg4 6. Nf3 e6 7. Nbd2 Bd6 8. 0-0 c4 9. Bc2 b5 10. Qe1 h6 11. Ne5 Bxe5 12. dxe5 Nd7 13. Qg3 f5 14. h3 Be2 15. Qxg7 Rf8 16. Rf2 Bd3 17. Qg6+ Rf7 18. Qxe6+ Ne7 19. Bxd3 Nc5 20. Qxh6 Nxd3 21. e6 1-0

[Event "IECG CN.2002.0.00301 email"]
[Site "IECG email"]
[Date "2002.07.16"]
[Round "?"]
[White "Weiler Thiessen, David"]
[Black "Rodrigues, Eduardo Hercos"]
[Result "1/2-1/2"]
[WhiteElo "785"]
[BlackElo "680"]
[PlyCount "38"]
[EventDate "2002.07.16"]
[EventType "tourn (corr)"]
[EventRounds "6"]
[SourceTitle "Corr 2008"]
[Source "ChessBase"]
[SourceDate "2008.06.24"]
[SourceVersion "1"]
[SourceVersionDate "2008.06.24"]
[SourceQuality "1"]

1. e4 c5 2. Nf3 d6 3. d4 cxd4 4. Qxd4 Nc6 5. Bb5 Bd7 6. Bxc6 Bxc6 7. Nc3 Nf6 8. Bg5 e6 9. 0-0-0 Be7 10. Rhe1 0-0 11. e5 dxe5 12. Qh4 Qc7 13. Nxe5 Rfd8 14. Ng4 Nxg4 15. Bxe7 Rxd1+ 16. Nxd1 Ne5 17. Qg5 h6 18. Qxe5 Qxe7 19. Re3 Rd8 1/2-1/2

[Event "IECG CN.2002.0.00283 email"]
[Site "IECG email"]
[Date "2002.02.20"]
[Round "?"]
[White "Arteaga M, Rafael"]
[Black "Weiler Thiessen, David"]
[Result "0-1"]
[WhiteElo "800"]
[BlackElo "771"]
[PlyCount "42"]
[EventDate "2002.02.20"]
[EventType "tourn (corr)"]
[EventRounds "6"]
[SourceTitle "Corr 2008"]
[Source "ChessBase"]
[SourceDate "2008.06.24"]
[SourceVersion "1"]
[SourceVersionDate "2008.06.24"]
[SourceQuality "1"]

1. e4 e5 2. Nf3 Nc6 3. d4 exd4 4. Nxd4 Bc5 5. Be3 Qf6 6. c3 d6 7. Bb5 Nge7 8. 0-0 0-0 9. Nxc6 bxc6 10. Ba4 Ba6 11. Re1 Rab8 12. Bxc5 dxc5 13. Qd7 Rxb2 14. f3 Ng6 15. Qxc6 Rxg2+ 16. Kxg2 Qg5+ 17. Kh1 Nh4 18. Rg1 Qf4 19. Bd1 Nxf3 20. Bxf3 Qxf3+ 21. Rg2 Bf1 0-1

[Event "IECG CN.2002.0.00283 email"]
[Site "IECG email"]
[Date "2002.02.20"]
[Round "?"]
[White "Ronda, Achille"]
[Black "Weiler Thiessen, David"]
[Result "1-0"]
[WhiteElo "894"]
[BlackElo "771"]
[PlyCount "57"]
[EventDate "2002.02.20"]
[EventType "tourn (corr)"]
[EventRounds "6"]
[SourceTitle "Corr 2008"]
[Source "ChessBase"]
[SourceDate "2008.06.24"]
[SourceVersion "1"]
[SourceVersionDate "2008.06.24"]
[SourceQuality "1"]

1. d4 d5 2. c4 e6 3. Nc3 Nf6 4. Nf3 Bb4 5. Qa4+ Nc6 6. Ne5 Bxc3+ 7. bxc3 Bd7 8. Nxd7 Qxd7 9. e3 Ne4 10. Ba3 Nxc3 11. Qc2 Ne4 12. Rb1 b6 13. Bd3 f5 14. cxd5 Ne7 15. dxe6 Qxe6 16. Qxc7 0-0 17. Bc4 Nd5 18. Qe5 Qxe5 19. dxe5 Rfd8 20. Rd1 Nec3 21. Bd6 Kh8 22. Bxd5 Nxd1 23. Bxa8 Nc3 24. Bc6 g5 25. 0-0 h5 26. Be7 Rd2 27. Bxg5 Ne4 28. e6 Nd6 29. e7 1-0

[Event "IECG CN.2002.0.00283 email"]
[Site "IECG email"]
[Date "2002.02.20"]
[Round "?"]
[White "Troskie, Johan"]
[Black "Weiler Thiessen, David"]
[Result "1-0"]
[WhiteElo "800"]
[BlackElo "771"]
[PlyCount "89"]
[EventDate "2002.02.20"]
[EventType "tourn (corr)"]
[EventRounds "6"]
[SourceTitle "Corr 2008"]
[Source "ChessBase"]
[SourceDate "2008.06.24"]
[SourceVersion "1"]
[SourceVersionDate "2008.06.24"]
[SourceQuality "1"]

1. d4 d5 2. c4 e6 3. Nf3 Nf6 4. Nc3 Bb4 5. Bd2 0-0 6. e3 c5 7. a3 cxd4 8. exd4 Bxc3 9. bxc3 Nc6 10. Bd3 Re8 11. 0-0 g6 12. c5 e5 13. Bb5 exd4 14. Bxc6 bxc6 15. cxd4 Rb8 16. Ne5 Re6 17. Qa4 Ne4 18. Qxa7 Rb7 19. Ba5 Rxa7 20. Bxd8 Nc3 21. Rfe1 Ra4 22. Re3 Nb5 23. Nf3 Nxd4 24. Nxd4 Rxd4 25. Rxe6 fxe6 26. a4 Rb4 27. a5 Ba6 28. g3 d4 29. Kg2 d3 30. Rd1 e5 31. Kf3 e4+ 32. Ke3 Kf7 33. f3 exf3 34. Rd2 Ke6 35. Kxf3 Kd5 36. Bb6 Rb3 37. Ke3 Kc4 38. h3 Kc3 39. Bd8 h5 40. Bf6+ Kb4 41. Kd4 Kxa5 42. Ra2+ Kb5 43. Bg5 Bc8 44. Bd2 Bxh3 45. Ra5# 1-0

[Event "IECG TG.2002.0.14750"]
[Site "IECG email"]
[Date "2002.??.??"]
[Round "2"]
[White "Weiler Thiessen, David"]
[Black "Derby, John"]
[Result "1-0"]
[WhiteElo "770"]
[BlackElo "800"]
[PlyCount "65"]
[EventDate "2002.??.??"]
[EventType "match (corr)"]
[EventRounds "2"]
[SourceTitle "Corr 2008"]
[Source "ChessBase"]
[SourceDate "2008.06.24"]
[SourceVersion "1"]
[SourceVersionDate "2008.06.24"]
[SourceQuality "1"]

1. e4 c5 2. Nc3 Nc6 3. g3 e6 4. Bg2 g6 5. d3 Bg7 6. f4 Nge7 7. Nf3 d5 8. e5 0-0 9. 0-0 Bd7 10. b3 Qa5 11. Bd2 Nf5 12. Nxd5 exd5 13. Bxa5 Ne3 14. Qd2 Nxf1 15. Rxf1 d4 16. Bc7 b6 17. a3 Rfc8 18. Bd6 a5 19. Ng5 a4 20. b4 Re8 21. bxc5 bxc5 22. Bd5 Be6 23. Bxc6 Bf5 24. Bxe8 Rxe8 25. Qa5 h6 26. Ne4 c4 27. Qb5 Rc8 28. Nf6+ Bxf6 29. exf6 cxd3 30. cxd3 Rd8 31. Be7 Rc8 32. Kg2 h5 33. Qxa4 1-0

[Event "IECG CP.2001.P.00086"]
[Site "IECG email"]
[Date "2001.10.01"]
[Round "?"]
[White "Draba, Henryk"]
[Black "Weiler Thiessen, David"]
[Result "1-0"]
[WhiteElo "1990"]
[BlackElo "775"]
[PlyCount "47"]
[EventDate "2001.10.01"]
[EventType "tourn (corr)"]
[EventRounds "6"]
[SourceTitle "Corr 2008"]
[Source "ChessBase"]
[SourceDate "2008.06.24"]
[SourceVersion "1"]
[SourceVersionDate "2008.06.24"]
[SourceQuality "1"]

1. e4 c5 2. Nf3 e6 3. d4 cxd4 4. Nxd4 Nc6 5. Nb5 d6 6. c4 Nf6 7. N1c3 a6 8. Na3 Be7 9. Be2 0-0 10. 0-0 Qc7 11. Be3 Rd8 12. Rc1 d5 13. cxd5 Nb4 14. Qb3 exd5 15. Nxd5 Nbxd5 16. Rxc7 Nxc7 17. Bb6 Rd7 18. Nc4 Ne6 19. Qe3 Bd6 20. f4 Bc7 21. f5 Nd8 22. Bxc7 Rxc7 23. Nb6 Rb8 24. Qg3 1-0

[Event "IECG CN.2001.0.00233"]
[Site "IECG email"]
[Date "2001.02.01"]
[Round "?"]
[White "McGloin, Patrick"]
[Black "Weiler Thiessen, David"]
[Result "0-1"]
[WhiteElo "800"]
[BlackElo "800"]
[PlyCount "20"]
[EventDate "2001.02.01"]
[EventType "tourn (corr)"]
[EventRounds "6"]
[SourceTitle "Corr 2008"]
[Source "ChessBase"]
[SourceDate "2008.06.24"]
[SourceVersion "1"]
[SourceVersionDate "2008.06.24"]
[SourceQuality "1"]

1. e4 d6 2. d4 Nf6 3. e5 Nd5 4. Nf3 Bg4 5. Bc4 Nb6 6. 0-0 Nxc4 7. Nc3 d5 8. h3 Bh5 9. b3 Nb6 10. Re1 e6 0-1

[Event "IECG CN.2001.0.00233"]
[Site "IECG email"]
[Date "2001.02.01"]
[Round "?"]
[White "Weiler Thiessen, David"]
[Black "Jung, Alexander"]
[Result "1-0"]
[WhiteElo "800"]
[BlackElo "800"]
[PlyCount "51"]
[EventDate "2001.02.01"]
[EventType "tourn (corr)"]
[EventRounds "6"]
[SourceTitle "Corr 2008"]
[Source "ChessBase"]
[SourceDate "2008.06.24"]
[SourceVersion "1"]
[SourceVersionDate "2008.06.24"]
[SourceQuality "1"]

1. d4 d5 2. c4 e6 3. Nc3 Nf6 4. Nf3 Nc6 5. c5 b6 6. b4 a5 7. b5 Nb4 8. a3 Ne4 9. Nxe4 dxe4 10. axb4 exf3 11. exf3 bxc5 12. bxc5 Be7 13. Bb2 0-0 14. Bd3 Bb7 15. Bc2 Bd5 16. Qd3 f5 17. 0-0 Ra7 18. Ra3 e5 19. dxe5 Bxc5 20. Raa1 Be6 21. Rfd1 Qh4 22. Rd2 g5 23. Bb3 Bxb3 24. Qxb3+ Rf7 25. Rd8+ Kg7 26. e6+ 1-0

[Event "IECG CP.2000.P.00098"]
[Site "IECG email"]
[Date "2000.10.01"]
[Round "?"]
[White "Paetzold, Ortwin"]
[Black "Weiler Thiessen, David"]
[Result "1-0"]
[WhiteElo "1840"]
[BlackElo "862"]
[PlyCount "59"]
[EventDate "2000.10.01"]
[EventType "tourn (corr)"]
[EventRounds "6"]
[EventCountry "GER"]
[SourceTitle "Corr 2008"]
[Source "ChessBase"]
[SourceDate "2008.06.24"]
[SourceVersion "1"]
[SourceVersionDate "2008.06.24"]
[SourceQuality "1"]

1. Nf3 d5 2. g3 c5 3. Bg2 Nc6 4. d3 Nf6 5. 0-0 e6 6. Nbd2 Bd6 7. b3 0-0 8. Bb2 d4 9. a3 Rb8 10. Nc4 b5 11. Nxd6 Qxd6 12. c4 bxc4 13. dxc4 Na5 14. b4 Nxc4 15. bxc5 Nxb2 16. cxd6 Nxd1 17. Rfxd1 Ne4 18. Nxd4 Nc5 19. Nc6 Rb2 20. Rac1 Bd7 21. Ne7+ Kh8 22. Rxc5 Rfb8 23. Rc7 Be8 24. Bc6 Rxe2 25. Bxe8 Rbb2 26. Bxf7 g6 27. d7 Rxf2 28. d8Q+ Kg7 29. Nf5+ exf5 30. Bg8+ 1-0

[Event "IECG CP.2000.P.00098"]
[Site "IECG email"]
[Date "2000.10.01"]
[Round "?"]
[White "Weiler Thiessen, David"]
[Black "Buese, Ralf"]
[Result "0-1"]
[WhiteElo "862"]
[BlackElo "2075"]
[PlyCount "108"]
[EventDate "2000.10.01"]
[EventType "tourn (corr)"]
[EventRounds "6"]
[EventCountry "GER"]
[SourceTitle "Corr 2008"]
[Source "ChessBase"]
[SourceDate "2008.06.24"]
[SourceVersion "1"]
[SourceVersionDate "2008.06.24"]
[SourceQuality "1"]

1. Nf3 Nf6 2. g3 g6 3. Bg2 Bg7 4. 0-0 d6 5. Nc3 0-0 6. d4 c6 7. e4 Qc7 8. Bf4 Nh5 9. Qd2 Nxf4 10. Qxf4 Qb6 11. Rab1 Bxd4 12. Nxd4 Qxd4 13. Rbd1 Qb4 14. Qc1 Nd7 15. a3 Qc5 16. Ne2 Ne5 17. Nf4 Bg4 18. Nd3 Nxd3 19. Rxd3 Qh5 20. f3 Bh3 21. g4 Qc5+ 22. Rf2 Bxg2 23. Kxg2 a5 24. Qh6 Qe5 25. f4 Qxe4+ 26. Kg1 f5 27. Rh3 Rf7 28. gxf5 Qxf5 29. Rh4 Raf8 30. Rg2 e5 31. Rf2 d5 32. Rh3 exf4 33. Rhf3 g5 34. h3 Rf6 35. Qh5 Qg6 36. Qxg6+ Rxg6 37. Re2 Kf7 38. a4 Re6 39. Rxe6 Kxe6 40. Kf2 Ke5 41. Rb3 Rf7 42. Kf3 h5 43. Rd3 Rg7 44. Rd1 g4+ 45. hxg4 hxg4+ 46. Kg2 Rh7 47. Re1+ Kf5 48. Re8 f3+ 49. Kg3 Rh3+ 50. Kf2 Rh2+ 51. Kg3 Rg2+ 52. Kh4 f2 53. Rf8+ Ke4 54. c3 g3 0-1

[Event "IECG C3.2000.0.00150"]
[Site "IECG email"]
[Date "2000.08.29"]
[Round "?"]
[White "Weiler Thiessen, David"]
[Black "Bopp, Thomas"]
[Result "0-1"]
[WhiteElo "758"]
[BlackElo "1169"]
[PlyCount "34"]
[EventDate "2000.08.29"]
[EventType "tourn (corr)"]
[EventRounds "6"]
[SourceTitle "Corr 2008"]
[Source "ChessBase"]
[SourceDate "2008.06.24"]
[SourceVersion "1"]
[SourceVersionDate "2008.06.24"]
[SourceQuality "1"]

1. e4 e5 2. Nc3 Nf6 3. Bc4 Bb4 4. Nf3 0-0 5. Nxe5 Qe7 6. Nxf7 Bxc3 7. dxc3 Qxe4+ 8. Qe2 Qxe2+ 9. Kxe2 d5 10. Bd3 Re8+ 11. Be3 Kxf7 12. Rad1 c5 13. c4 d4 14. Rhf1 Bg4+ 15. f3 Rxe3+ 16. Kf2 Be6 17. c3 Rxd3 0-1

[Event "IECG CN.2000.0.00184"]
[Site "IECG email"]
[Date "2000.03.21"]
[Round "?"]
[White "Zuidema, Peter"]
[Black "Weiler Thiessen, David"]
[Result "0-1"]
[WhiteElo "800"]
[BlackElo "800"]
[PlyCount "50"]
[EventDate "2000.03.21"]
[EventType "tourn (corr)"]
[EventRounds "6"]
[SourceTitle "Corr 2008"]
[Source "ChessBase"]
[SourceDate "2008.06.24"]
[SourceVersion "1"]
[SourceVersionDate "2008.06.24"]
[SourceQuality "1"]

1. e4 c5 2. Nf3 Nc6 3. d4 cxd4 4. Nxd4 e5 5. Nf3 Nf6 6. Nc3 Bb4 7. Bd2 0-0 8. Bd3 d5 9. Ng5 dxe4 10. Ngxe4 Nxe4 11. Bxe4 Qd4 12. Qe2 Qb6 13. 0-0 Nd4 14. Qd3 Bd7 15. Rfe1 g6 16. Kh1 Bb5 17. Nxb5 Bxd2 18. Qxd2 Qxb5 19. b3 Rfd8 20. Qg5 Rd6 21. Re3 Rad8 22. h3 Ne6 23. Qh6 Rd1+ 24. Rxd1 Rxd1+ 25. Kh2 Qf1 0-1

[Event "IECG QN.1999.0.00089"]
[Site "IECG email"]
[Date "1999.11.26"]
[Round "?"]
[White "Elhaj, Nizar Ali"]
[Black "Weiler Thiessen, David"]
[Result "1-0"]
[WhiteElo "800"]
[BlackElo "800"]
[PlyCount "57"]
[EventDate "1999.11.26"]
[EventType "tourn (corr)"]
[EventRounds "6"]
[SourceTitle "Corr 2008"]
[Source "ChessBase"]
[SourceDate "2008.06.24"]
[SourceVersion "1"]
[SourceVersionDate "2008.06.24"]
[SourceQuality "1"]

1. d4 d5 2. c4 c6 3. Nf3 Qa5+ 4. Qd2 Qc7 5. cxd5 cxd5 6. g3 e6 7. Bg2 Nf6 8. Nc3 Bb4 9. 0-0 Ne4 10. Nxd5 Qc4 11. Qxb4 Qxd5 12. Ng5 f5 13. Nxe4 fxe4 14. Rd1 Nc6 15. Qc3 e5 16. Be3 Nxd4 17. Bxd4 exd4 18. Rxd4 Qf7 19. Rxe4+ Be6 20. Bh3 Rf8 21. Re3 Qxf2+ 22. Kh1 Kf7 23. Rf3+ Qxf3+ 24. Qxf3+ Kg8 25. Bxe6+ Kh8 26. Qxb7 Rab8 27. Qxa7 Rxb2 28. Rd1 Rxe2 29. Qf7 1-0

[Event "IECG QN.1999.0.00089"]
[Site "IECG email"]
[Date "1999.11.26"]
[Round "?"]
[White "Weiler Thiessen, David"]
[Black "Elhaj, Nizar Ali"]
[Result "0-1"]
[WhiteElo "800"]
[BlackElo "800"]
[PlyCount "66"]
[EventDate "1999.11.26"]
[EventType "tourn (corr)"]
[EventRounds "6"]
[SourceTitle "Corr 2008"]
[Source "ChessBase"]
[SourceDate "2008.06.24"]
[SourceVersion "1"]
[SourceVersionDate "2008.06.24"]
[SourceQuality "1"]

1. e4 c5 2. Nf3 d6 3. Bb5+ Bd7 4. Bxd7+ Qxd7 5. 0-0 Nc6 6. c3 Nf6 7. Re1 e6 8. d4 cxd4 9. cxd4 d5 10. exd5 Nxd5 11. Ne5 Nxe5 12. Rxe5 Bd6 13. Re1 0-0 14. Nd2 Rac8 15. Ne4 Rc6 16. Nxd6 Rxd6 17. Qg4 Ne7 18. Be3 Rd8 19. h4 Nf5 20. Rad1 e5 21. dxe5 Rxd1 22. Rxd1 Qxd1+ 23. Qxd1 Rxd1+ 24. Kh2 Nxe3 25. fxe3 Rd2 26. Kg3 Rxb2 27. Kf3 Rxa2 28. g4 a5 29. Kf4 b5 30. e6 fxe6 31. e4 b4 32. Ke5 b3 33. Kxe6 b2 0-1

[Event "IECG QN.1999.0.00080"]
[Site "IECG email"]
[Date "1999.09.30"]
[Round "?"]
[White "Tobey, Al E"]
[Black "Weiler Thiessen, David"]
[Result "0-1"]
[WhiteElo "651"]
[BlackElo "800"]
[PlyCount "78"]
[EventDate "1999.09.30"]
[EventType "tourn (corr)"]
[EventRounds "6"]
[SourceTitle "Corr 2008"]
[Source "ChessBase"]
[SourceDate "2008.06.24"]
[SourceVersion "1"]
[SourceVersionDate "2008.06.24"]
[SourceQuality "1"]

1. e4 c5 2. Bc4 Nc6 3. Nf3 Na5 4. Be2 Nf6 5. d3 g6 6. 0-0 e6 7. Bg5 Be7 8. h3 0-0 9. Bxf6 Bxf6 10. e5 Bg7 11. c3 d6 12. d4 cxd4 13. cxd4 Qb6 14. b3 dxe5 15. dxe5 Nc6 16. Na3 Qc5 17. Nc4 b6 18. Qd6 Qxd6 19. Nxd6 f6 20. Nc4 fxe5 21. Ng5 e4 22. Rad1 Nb4 23. Ne3 Nxa2 24. Nxe4 Bb7 25. Nc4 Bxe4 26. f3 Nc3 27. Rde1 Nxe2+ 28. Kh2 Bd3 29. Nd2 Be5+ 30. g3 Bxg3+ 31. Kg2 Bxe1 32. Rxe1 h5 33. h4 Rf4 34. Ne4 Raf8 35. Ng5 Nd4 36. Rd1 Be2 37. Rxd4 Bxf3+ 38. Kg3 Rxd4 39. Nxe6 Rg4+ 0-1